Geologie van het Limburgsche.

Saved in:
Bibliographic Details
Main Author: Rutten, M. G. (Martin Gerard)
Format: Book
Language:Dutch
Published: Maastricht [Netherlands] : E. van Aelst, 1948..
Series:Mededeelingen van de Geologische Stichting. no. 4.
Subjects:
LEADER 01215nam a2200301 a 4500
001 c000168170
003 CARM
005 20030625200844.0
008 030429s1948 ne af 000 0 dut d
019 1 |a 24743614  |5 LACONCORD2021 
035 |a (OCoLC)223730639  |5 LACONCORD2021 
040 |a VU  |b eng  |c VU 
041 0 |a dut  |b eng 
043 |a e-ne--- 
082 0 4 |a 551.4909492  |2 21 
100 1 |a Rutten, M. G.  |q (Martin Gerard) 
245 1 0 |a Geologie van het Limburgsche. 
260 |a Maastricht [Netherlands] :  |b E. van Aelst,  |c 1948.. 
300 |a 105 p., plates (some folded) :  |b ill. ;  |c 28 cm. 
490 1 |a Mededeelingen van de geologische stichting. Serie C. VI ;  |v no. 4. 
504 |a Includes bibliographical references and index. 
546 |a Dutch language text, with English summary. 
650 0 |a Hydrogeology  |z Netherlands  |z Limburg. 
650 0 |a Groundwater  |z Netherlands  |z Limburg. 
830 0 |a Mededeelingen van de Geologische Stichting.  |n Serie C.  |n VI ;  |v no. 4. 
852 8 |b CARM  |h A3:AB36C0  |i D06538  |p 0225296  |f BK 
999 f f |i d6b83622-84b2-5c95-ab33-4f411d12d1ea  |s 9c38cbcc-b508-595d-b589-8f799f9da222 
952 f f |p Can circulate  |a CAVAL  |b CAVAL  |c CAVAL  |d CARM 1 Store  |e D06538  |f A3:AB36C0  |h Other scheme  |i book  |m 0225296